| 000 | 00715naa a2200241 i 4500 | ||
|---|---|---|---|
| 001 | 74298 | ||
| 003 | ES-MaBCM | ||
| 005 | 20241016120144.0 | ||
| 008 | 010416s2001 gbr 000 0 eng d | ||
| 021 | _axx | ||
| 035 | _a(OCoLC)1365158150 | ||
| 040 | _cES-MaBCM | ||
| 041 | 0 | _aeng | |
| 043 | _agbr | ||
| 100 | 1 |
_aThrelfall, Mónica _946278 |
|
| 245 | 1 | 0 |
_aChile and Pinochet _b: long live to Pinochet _cMonica Threlfall |
| 600 | 1 | 4 |
_aPinochet Ugarte, Augusto _937077 |
| 650 | 2 | 7 |
_aCrimen contra la humanidad _958187 |
| 650 | 2 | 7 |
_aTribunales supremos _960548 |
| 651 | 2 | 4 |
_aChile _9115433 |
| 773 | 0 |
_aEn: _tThe world today _dLondon : 2001 _w104754 _gvol. 57, no. 4, Apr., p. 19-20. - Loc. S.88 |
|
| 942 | _cAREV | ||
| 999 |
_c74298 _d74298 |
||